000 01769nam a2200361 a 4500
001 ebr10389797
003 CaPaEBR
006 m u
007 cr cn|||||||||
008 070508s2008 mdua sb 001 0 eng
010 _z 2007019374
020 _z9780801887086 (hardcover : alk. paper)
020 _z0801887089 (hardcover : alk. paper)
040 _aCaPaEBR
_cCaPaEBR
035 _a(OCoLC)649906420
050 1 4 _aTJ211
_b.L38 2008eb
082 0 4 _a629.4
_222
100 1 _aLaunius, Roger D.
245 1 0 _aRobots in space
_h[electronic resource] :
_btechnology, evolution, and interplanetary travel /
_cRoger D. Launius and Howard E. McCurdy.
260 _aBaltimore :
_bJohns Hopkins University Press,
_cc2008.
300 _axx, 313 p. :
_bill.
490 1 _aNew series in NASA history
504 _aIncludes bibliographical references (p. [257]-301) and index.
505 0 _aIntroduction : a false dichotomy -- The human/robot debate -- Human spaceflight as utopia -- Promoting the human dimension -- Robotic spaceflight in popular culture -- The new space race -- Interstellar flight and the human future in space -- Homo sapiens, transhumanism, and the postbiological universe -- An alternative paradigm? -- Appendix : Inadequate words.
533 _aElectronic reproduction.
_bPalo Alto, Calif. :
_cebrary,
_d2013.
_nAvailable via World Wide Web.
_nAccess may be limited to ebrary affiliated libraries.
650 0 _aRobots.
650 0 _aSpace robotics.
655 7 _aElectronic books.
_2local
700 1 _aMcCurdy, Howard E.
710 2 _aebrary, Inc.
830 0 _aNew series in NASA history.
856 4 0 _uhttp://site.ebrary.com/lib/rucke/Doc?id=10389797
_zAn electronic book accessible through the World Wide Web; click to view
999 _c91685
_d91685